| 000 | 00735nam a2200217 4500 | ||
|---|---|---|---|
| 001 | 57124 | ||
| 003 | BD-RjUL | ||
| 005 | 20211209080454.0 | ||
| 008 | 161206r19691970bg ||||| |||| 00| 0 eng d | ||
| 035 | _a(BD-RjUL)57248 | ||
| 040 |
_beng _cBD-RjUL |
||
| 041 | _aeng | ||
| 082 |
_223 _a632.75492 _bALI 1970 |
||
| 100 |
_aAlam, M Zahurul _9169693 |
||
| 245 | 0 | 1 |
_aInsect pests of vegetables and their control in East Pakistan/ _cby M. Zahurul Alam. |
| 260 |
_aDacca : _bAgricultural Information Service, in collaboration with East Pakistan Agricultural Research Institute, _c1969 or 70. |
||
| 300 |
_aiv, _b 146 pages illustrations; _c 25 cm. |
||
| 505 | _aCover title. | ||
| 650 |
_aInsect pests _zBangladesh _9169694 |
||
| 942 |
_2ddc _cBK |
||
| 999 |
_c57124 _d57124 |
||